000 00520nam a2200205Ia 4500
003 OSt
005 20251024164100.0
008 210210b1973 xxu||||| |||| 00| 0 eng d
040 _cAL
041 _aKannada
082 _aK894.3 RAJS
100 _aRajaratnam S
_9136967
110 _aರಾಜರತ್ನಂ ಎಸ್
_9242711
245 _aSuguna
_b: ಸುಗುಣ
260 _aBengaluru
_bRekha Prakashana
_c1973
300 _a148
690 _aKannada Fiction
_9136968
906 _a030081
942 _2ddc
_cBK
999 _c81275
_d81275